00448 2200181 4500001002100000008004100021035002000062245002800082100001500110260003700125300002000162020002200182084001400204082000800218650001000226990001500236990001500251INLIS000000000003214 ind  a0010-1225000035 aSi Anak KuatcTere Liye aLiye, Tere aDepok :bPT Sabak Grip Nusantara a427c13,5x20 cm a978-623-9554-59-0 a813 LIY s a813 aFiksi a19664/B/26 a19665/B/26